Design Chains: a Handbook for Integrated Collaborative Design (Record no. 12008)

000 -LEADER
fixed length control field 00419 a2200145 4500
003 - CONTROL NUMBER IDENTIFIER
control field OSt
005 - DATE AND TIME OF LATEST TRANSACTION
control field 20240110133313.0
008 - FIXED-LENGTH DATA ELEMENTS--GENERAL INFORMATION
fixed length control field 240110b ||||| |||| 00| 0 eng d
020 ## - INTERNATIONAL STANDARD BOOK NUMBER
International Standard Book Number 9780727730398
082 ## - DEWEY DECIMAL CLASSIFICATION NUMBER
Classification number 745.2
100 ## - MAIN ENTRY--PERSONAL NAME
Personal name Simon Austin; A Baldwin; John Hammond; M Murray; D Root
245 ## - TITLE STATEMENT
Title Design Chains: a Handbook for Integrated Collaborative Design
260 ## - PUBLICATION, DISTRIBUTION, ETC. (IMPRINT)
Name of publisher, distributor, etc Thomas Telford Ltd
Date of publication, distribution, etc 2001
942 ## - ADDED ENTRY ELEMENTS (KOHA)
Source of classification or shelving scheme
Holdings
Withdrawn status Lost status Source of classification or shelving scheme Damaged status Koha normalized classification for sorting Not for loan Permanent location Current location Date acquired Source of acquisition Cost, normal purchase price Full call number Barcode Date last seen Cost, replacement price Price effective from Koha item type
        745_200000000000000   BMS College of Architecture, Design and Planning BMS College of Architecture, Design and Planning 2024-01-10 10 3794.00 745.2 AR-UG3357 2024-01-10 5420.00 2024-01-10 UG Books
Copyright © 2025, The Librarian, Library and Information Centre, BMSCA D&P, Bengaluru. All Rights Reserved
web counter

Powered by Koha